00744pam a2200205 a 4500020001500000082002700015100003400042245007600076260006800152300003400220500002800254500002000282526003700302650001300339650003200352700002800384942001200412999001900424952009500443 a047027149300a531.3bBAXcL-5, P-13.1 aSingh, Pashupati Nath.93979510aElementary mechanics of solids /cPashupati Nath Singh, Prem Kumar Jha. aNew York :bWiley ;aNew Delhi :bWiley Eastern,c[1981] c1980. axvi, 616 p. :bill. ;c24 cm. a"A Halsted Press book." aIncludes index. a0b0c0d531_300000000000000_BAX 0aMCE9379 0aStrength of materials.95631 aJha, Prem Kumar.939796 2ddccBK c544226d544226 00102ddc4070aMCEbMCEd2014-04-15l0o531.3 BAXpMCE-29213r2014-04-15w2014-04-15yBK